Zvyšujeme úživnosť políčok

Bibliographic Details
Main Authors: Libosvár, František, 1940- (Author), Herz, J. (Author)
Format: Article
Language:Slovak
PhysicalDescription:Obr. 2.
Subjects:

MARC

LEADER 00000nab a2200000 a 4500
001 vtls000157258
003 SK-MaSNL
005 20260304073627.0
008 250422c1983 xo 0 slo
015 |a SNBRB19rr/mm-uuuuu 
035 |a CL0167365 
035 |a urn:nbn:sk:snk-abeke7 
035 |a (urnnbn)urn:nbn:sk:snk:ar-0070ln 
035 |a (uuid)838f315e-9cc4-4ef1-9f56-dd5479e956f0 
040 |a SNKBUCL  |b slo  |c SNKBUCL  |e AACR2 
041 0 |a slo 
044 |a xo  |c SK 
080 |a 639.1.04  |2 1981 
080 |a 633.32  |2 1981 
100 1 |a Libosvár, František,  |d 1940-  |4 aut  |9 111497 
245 1 0 |a Zvyšujeme úživnosť políčok  |c F. Libosvár, J. Herz 
300 |b Obr. 2. 
650 0 7 |a zver  |2 snkbucl  |9 519220 
650 0 7 |a poľovné revíry  |2 snkbucl  |9 70281 
650 0 7 |a porasty ďatelinotrávne  |2 snkbucl  |9 939628 
655 7 |a články z novín a časopisov  |2 snkbucl  |9 267496 
700 1 |a Herz, J.  |4 aut  |9 937282 
773 0 |t Poľovníctvo a rybárstvo  |g Roč. 35, č. 6 (1983), s. 18-19 
850 |a Slovenská národná knižnica 
852 |a Slovenská národná knižnica 
958 |a article27 
958 |a OND 
958 |a RK 
992 |a RBX 
999 |c 2772415  |d 2774345